000 00520nam a22001817a 4500
005 20231116064001.0
008 231116b |||||||| |||| 00| 0 eng d
020 _a9780702178795
041 _aEnglish
082 _a344.1 GRO
100 _aGrogan, J
_lEnglish
245 _aWorkplace Law /
_cJ Grogan
250 _aNinth Edition
260 _aCape Town :
_bJuta and Company Ltd,
_c2007
300 _blxiv, 475 pages ;
_c25 cm.
650 _aLegal practice
_bLaw
942 _cBK
_6ALISON_BN_VRIES
999 _c701
_d701